000 00640nam a22001577a 4500
020 _a9789380853154
082 _a515 DEN
100 _aDenlinger, Charles G.
245 _aElements of real analysis
260 _aNew Delhi, India
_bJones and Bartlett Publishers
_c2011
300 _axxx, 737 p.
_bill. ;
490 _aThe Jones and Bartlett Publishers international series in mathematics Jones and Bartlett Publishers series in mathematics. International series in mathematics.
500 _aIncludes bibliographical references (p. 709-717) and index.
650 _a1. Mathematical analysis. 2. Functions of real variables.
942 _cBK
999 _c12459
_d12459